Travailler au noir

Gespeichert in:
Bibliographische Detailangaben
1. Verfasser: Laé, Jean-Francois (VerfasserIn)
Format: Buch
Sprache:Französisch
Veröffentlicht: París A.M. Métailié 1989
Schlagworte:
Tags: Tag hinzufügen
Keine Tags, Fügen Sie den ersten Tag hinzu!

MARC

LEADER 00000nam a2200000 a 4500
001 UCX4185
003 CL-VaPUC
008 920323e19890000FR |||||||||||||||||fre|d
082 0 4 |a 306.3  |b LAE  |2 21 
100 0 |a Laé, Jean-Francois  |e author  |9 320310 
245 1 0 |a Travailler au noir 
300 |a 227 p 
942 |c BK 
945 |d 19920323 00:00:00 
260 |a París  |b A.M. Métailié  |c 1989 
650 0 |a Trabajo  |9 313876 
583 |a last modification  |c 19920323 00:00:00  |k Rodrigo Vera 
999 |c 224726  |d 224724 
952 |0 0  |1 0  |4 0  |6 306_300000000000000_LAE_1989  |7 0  |8 P  |9 221638  |a BIBEDU  |b BIBEDU  |c BIBEDU_PB  |d 2019-11-15  |i 2904381  |o 306.3 LAE 1989  |p 2904381  |r 2024-01-25  |w 2019-11-15  |y BK  |k FIL